000 00507nam a2200181Ia 4500
005 20250508150719.0
008 008 250505s9999 xx 000 0 eng d
037 _aTextual
040 _aFEDL
_beng
_cFEDL
041 _aeng
_2eng
084 _a910, STE
_qFEDL
100 _aStembridge Jasper H
_9348396
245 0 _aNew world wide geographies. Book 3
260 _aLondon, UK
_bOxford University Press
_c1948
300 _a159p.
942 _cTEXL
_h910, STE
999 _c1325220
_d1325220